000 00714nam a2200217 i 4500
001 55789
003 ES-MaACL
005 20230906163224.0
007 t|
008 030926s1958 sp ||||1| spa d
100 1 _aHerouville, Hubert d'.
_963131
245 1 3 _aLa economía mundial /
_cHubert d'Herouville ; traducción castellana de la 3ª ed. por Jorge Petil Fontsere.
260 _aBarcelona :
_bVergara,
_c[1958] (
_fTip. Catalana)
300 _a144 p. :
_bil. ;
_c18 cm.
490 1 _aNuevos horizontes
650 4 _aEconomía mundial-
_y1945-1989.
_9152137
700 1 _aPetit Fontserè, Jordi.
_991517
830 1 _aNuevos horizontes
_9182562
852 _aES-MaACL
_jC-15939
999 _c55789
_d55789